000 00931cac a2200253 a 4500
003 CO-PeBPM
005 20250912100346.0
008 231129s1999||||ck a||||||||||||| ||spa||
020 _a9589308066
040 _aCO-PeBPM
_bspa
_cCO-PeBPM
_erda
041 _aspa
082 0 4 _a155.418 A662j
_222
100 1 _aArango de Narváez, María Teresa
_eautora
245 1 0 _aJuguemos con los ninos : actividades para estimular el desarrrollo entre 1 y 7 anos
250 _aCuarta edición
260 _aBogotá, Colombia
_b: Ediciones Gamma
_c, 1999
300 _a178 páginas
_bilustraciones en blanco y negro
_c21 centímetros
500 _aIncluye índice
650 1 4 _aNiños - Juegos
_2LEMB
700 1 _aInfante de Ospina, Eloísa
_eautora
700 1 _aLópez de Bernal, María Elena
_eautora
942 _2ddc
_cBK
999 _c16266
_d16266